Представление документа в формате MARC21

Поле Инд. ПП Название Значение
Тип записи a
Библиографический уровень m
001 Контрольный номер 14b29ebe-fe29-48f1-8001-8b8a22812f28
005 Дата корректировки 20131112182650.6
008 Кодируемые данные 060809s1986 rur a 000u 0rus d
017 a Номер государственной регистрации 86-77069
b Организация, присвоившая номер RuMoRKP
2 Источник номера ЛГР
020 c Цена, тираж 55 к.
040 a Служба первич. каталог. RuMoRKP
041 00 a Код языка текста rus
080 00 a Индекс УДК 797.21.015.83
084 a Индекс другой классификации/Индекс ББК 75.717.5
090 x Авторский знак Б907
092 00 a 77.29
100 _0 a Автор Булгакова Нина Жановна
245 a Заглавие Отбор и подготовка юных пловцов
c Ответственность Н. Ж. Булгакова
260 a Место издания Москва
b Издательство Физкультура и спорт
c Дата издания 1986
300 a Объем 190,[1] с.
b Иллюстрации/ тип воспроизводства ил.
c Размеры 21 см
650 a Основная рубрика Пловцы
x Основная подрубрика Тренировка
650 a Основная рубрика Плавание
x Основная подрубрика Отбор спортсменов